Statistics for Top 15 Largest Empires

Click here to take the quiz!

General Stats

  • This quiz has been taken 43 times
  • The average score is 11 of 15

Answer Stats

HintAnswer% Correct
35.5 million sq.kmUnited Kingdom
95%
22.8 million sq.kmRussia
93%
24 million sq.kmMongolia
85%
14.7 million sq.kmChina
83%
11 million sq.kmChina
83%
9 million sq.kmChina
83%
6.5 million sq.kmChina
83%
6.4 million sq.kmChina
83%
11.5 million sq.kmFrance
83%
13.7 million sq.kmSpain
78%
7.1 million sq.kmSpain and Portugal
75%
7.4 million sq.kmJapan
63%
8.3 million sq.kmBrazil
50%
11.1 million sq.kmSaudi Arabia
20%
11.2 million sq.kmIraq
18%

Score Distribution

Percentile by Number Answered

Percent of People with Each Score

Your Score History

You have not taken this quiz